Detalles MARC
| 000 -CABECERA |
| campo de control de longitud fija |
01510nam a2200361 4500 |
| 001 - NÚMERO DE CONTROL |
| campo de control |
bimo0000183077 |
| 003 - IDENTIFICADOR DEL NÚMERO DE CONTROL |
| campo de control |
AR-RoIUNI |
| 005 - FECHA Y HORA DE LA ÚLTIMA TRANSACCIÓN |
| campo de control |
20210315103439.0 |
| 007 - CAMPO FIJO DE DESCRIPCIÓN FÍSICA--INFORMACIÓN GENERAL |
| campo de control de longitud fija |
ta |
| 008 - DATOS DE LONGITUD FIJA--INFORMACIÓN GENERAL |
| campo de control de longitud fija |
861204s1986 sp r 00 spa d |
| 016 7# - NÚMERO DE CONTROL DE UNA AGENCIA BIBLIOGRÁFICA NACIONAL |
| Número de control del registro |
bimoBNE19920964627 |
| Número de control de registro cancelado o inválido |
IBH8705200046 |
| Fuente |
SpMaBN |
| 017 ## - NÚMERO DE COPYRIGHT O DE DEPÓSITO LEGAL |
| Número de copyright o de depósito legal |
B 4174-1986 |
| Agencia que asigna |
Oficina Depósito Legal Barcelona |
| 020 ## - NÚMERO INTERNACIONAL ESTÁNDAR DEL LIBRO |
| Número Internacional Estándar del Libro |
8474322405 |
| 035 ## - NÚMERO DE CONTROL DEL SISTEMA |
| Número de control de sistema |
(OCoLC)433876625 |
| 040 ## - FUENTE DE LA CATALOGACIÓN |
| Centro catalogador/agencia de origen |
IBH |
| Centro/agencia transcriptor |
AR-RoIUNI |
| 041 1# - CÓDIGO DE LENGUA |
| Código de lengua del texto/banda sonora o título independiente |
spa |
| Código de lengua original |
ita |
| 080 ## - NÚMERO DE LA CLASIFICACIÓN DECIMAL UNIVERSAL |
| Número de la Clasificación Decimal Universal |
165.7 |
| 100 1# - ENTRADA PRINCIPAL--NOMBRE DE PERSONA |
| Nombre de persona |
Vattimo, Gianni |
| Fechas asociadas al nombre |
1936- |
| 240 13 - TÍTULO UNIFORME |
| Título uniforme |
<a href="La fine della modernità">La fine della modernità</a> |
| Lenguaje de la obra |
Español |
| 245 13 - MENCIÓN DE TÍTULO |
| Título |
El fin de la modernidad : |
| Resto del título |
nihilismo y hermenéutica / |
| Mención de responsabilidad, etc. |
Gianni Vattimo. |
| 250 ## - MENCIÓN DE EDICIÓN |
| Mención de edición |
1a ed. |
| 260 ## - PUBLICACIÓN, DISTRIBUCIÓN, ETC. (PIE DE IMPRENTA) |
| Lugar de publicación, distribución, etc. |
Barcelona : |
| Nombre del editor, distribuidor, etc. |
Gedisa, |
| Fecha de publicación, distribución, etc. |
1986. |
| 300 ## - DESCRIPCIÓN FÍSICA |
| Extensión |
159 p. ; |
| Dimensiones |
22 cm. |
| 490 0# - MENCIÓN DE SERIE |
| Mención de serie |
Colección Hombre y Sociedad. Serie mediaciones ; |
| Designación de volumen o secuencia |
14 |
| 500 ## - NOTA GENERAL |
| Nota general |
Traducción de: La fine della modernitá |
| 505 0# - NOTA DE CONTENIDO CON FORMATO |
| Nota de contenido con formato |
I. Apología del nihilismo -- II. La crisis del humanismo -- III. Muerte o crepúsculo del arte -- IV. El quebrantamiento de la palabra poética -- V. Ornamento y monumento -- VI. La estructura de las revoluciones artísticas -- VII. Hermenéutica y nihilismo -- VIII. Verdad y retórica en la ontología hermenéutica -- IX. Hermenéutica y antropología -- X. El nihilismo y lo posmoderno en filosofía. |
| 600 17 - PUNTO DE ACCESO ADICIONAL DE MATERIA--NOMBRE DE PERSONA |
| Nombre de persona |
Nietzsche, Friedrich |
| Fechas asociadas al nombre |
1844-1900 |
| Fuente del encabezamiento o término |
embne |
| 600 17 - PUNTO DE ACCESO ADICIONAL DE MATERIA--NOMBRE DE PERSONA |
| Nombre de persona |
Heidegger, Martin |
| Fechas asociadas al nombre |
1889-1976 |
| Fuente del encabezamiento o término |
embne |
| 9 (RLIN) |
22 |
| 650 #4 - PUNTO DE ACCESO ADICIONAL DE MATERIA--TÉRMINO DE MATERIA |
| Término de materia o nombre geográfico como elemento inicial |
PSICOLOGÍA |
| 9 (RLIN) |
108 |
| 650 #4 - PUNTO DE ACCESO ADICIONAL DE MATERIA--TÉRMINO DE MATERIA |
| Término de materia o nombre geográfico como elemento inicial |
FILOSOFÍA |
| 9 (RLIN) |
77 |
| 650 #4 - PUNTO DE ACCESO ADICIONAL DE MATERIA--TÉRMINO DE MATERIA |
| Término de materia o nombre geográfico como elemento inicial |
POSMODERNISMO |
| 942 ## - ELEMENTOS DE PUNTO DE ACCESO ADICIONAL (KOHA) |
| Fuente del sistema de clasificación o colocación |
Clasificación Decimal Universal |
| Tipo de ítem Koha |
Libros |